| 000 | 00463cam a2200181ua 4500 | ||
|---|---|---|---|
| 001 | 5225 | ||
| 008 | 120303n ii |||gr||||Z||||||eng | ||
| 040 | _cMAIN | ||
| 082 | _a821 | ||
| 100 |
_aKeats, John, _eAuthor, |
||
| 245 | 1 | 1 |
_aSelected poems _cby John Keats |
| 250 | _a1st. | ||
| 260 |
_aNew Delhi: _bVikas publishing house pvt. ltd., _c1986. |
||
| 300 |
_a346p: _c23cm. |
||
| 653 | _aEnglish poetry | ||
| 700 |
_aAgarwal, A. C., _d1982, _eEditor. |
||
| 942 | _cBK | ||
| 999 |
_c4407 _d4407 |
||